000 00568nam a2200181Ia 4500
008 240729s9999 xx 000 0 und d
022 _a2515-2092
245 0 _aJournal of the Canadian Association of Gastroenterology
260 _aUnited Kingdom
260 _bOxford University Press
650 _a Diseases of the digestive system. Gastroenterology
650 _a Internal medicine
650 _a Specialties of internal medicine
650 _aMedicine
856 _uhttps://doaj.org/toc/a2ada39ce1454cac8997e23a29f070ce
942 _2ddc
942 _cDOAJEJ
999 _c73872
_d73872
945 _a1
_bMadushi Gamage
_c1
_dMadushi Gamage